000 00587nam a2200229Ia 4500
003 OSt
005 20220924113047.0
006 a|||||r|||| 00| 0
007 ta
008 220923b |||||||| |||| 00| 0 eng d
024 _a55100
037 _cDictionary
040 _aARTS
_cARTS
_beng
041 _2eng
_aeng
082 _aP111,3:4k, L2
245 0 _aWebster's Instant word guide
260 _aSpring
_bfield G & C Merriam
_c1972
300 _aviii, 369p.
_ccm.
650 _aLINGUISTICS
942 _hP111,3:4k, L2
_cdic
_2cc
999 _c389114
_d389114